MDQL
is popping MORE tags! Check the
thread
!
Quizzes
Events
Quiz Creation
Community
Videos
Private Events
Remove Ads
Sign In
Join for FREE
Feedback
Dark Mode
Quiz Categories
Sports
Geography
Music
Movies
Television
Just For Fun
Miscellaneous
History
Literature
Language
Science
Gaming
Entertainment
Religion
Holiday
For Kids
Quiz Lab
Recent
Popular Today
Quiz Kudos Today
Editor Picks
Curator Picks
Quizzes by...
Day
Popularity
Type
Ratings
Length
Year
Community
Subscriptions
Recent Discussions
Orange Saloon
Badges
Playlists
Quests
Create
Leaderboards
Showdown
Live 5
Trivia Bingo
Activity
Puzzle Library
Sporcle Events
Private Events
Virtual Trivia
Globe League
Become a Host
Pub Owners
SporcleCon
Opinionation
Our Games
Videos
Blog
Mobile Apps
Partnerships
Remove Ads and Go Orange
Feedback
Movies
Disney
Marvel Cinematic Universe
Movie Resume
Movie Titles
Oscar
Actor
Actress
Director
Pixar
Role
Movie Quotes
Movie Characters
Box Office
Nominee
Best Picture
Star Wars
James Bond
Horror Movies
Movies
Disney
Marvel Cinematic Universe
Movie Resume
Movie Titles
Oscar
Actor
Actress
Director
Pixar
Role
Movie Quotes
Movie Characters
Box Office
Nominee
Best Picture
Star Wars
James Bond
Horror Movies
Random Quiz
Search Sporcle
×
Quiz Lab
Quiz Lab
Movies
Song
Type in answers that appear in a list
Type in answers that appear in a list
Classic
Best Score? Go Orange.
Disney Songs - What's the next lyric? Stats
Can you name the Disney Songs - What's the next lyric??
By
Icekitty2
15m
21 Questions
71 Plays
71 Plays
71 Plays
Comments
Comments
Give Quiz Kudos
Give Quiz Kudos
-
- Ratings
hide this ad
Replay
Link that replays current quiz
Next Quiz
Link to next quiz in quiz playlist
You Got
0%
They Got
Avg Score
37%
Avg Friend Score
Upgrade to see
Score Distribution
Jump to the score distribution portion of the page
Score
0/21
Timer
15:00
0
Plays Today
Time
Next Lyric
% Correct
4:46 -
5:05
You
69%
0:25 -
0:41
Rip him open take it back guys
62%
2:15 -
2:38
Thus far a rather uninspiring thing
60.6%
2:58 -
3:19
That visions are seldom all they seem
59.2%
0:01 -
0:24
I want much more than this provincial life
56.3%
4:05 -
4:26
Watching you from underneath a rock
47.9%
3:50 -
4:03
We got a hot crustacean band
46.5%
5:07 -
5:21
Should I marry Kocoum
46.5%
5:41 -
5:59
At the fancy ants
45.1%
2:40 -
2:56
Why do I have this growing need to be beside her
39.4%
0:43 -
1:01
With good breeding and a tiny waist
36.6%
Time
Next Lyric
% Correct
6:01 -
6:18
As dreamers do
29.6%
1:28 -
1:38
And this perfect package packed a pair of pretty pecs
26.8%
1:40 -
1:56
I'll touch every star in the sky
26.8%
3:20 -
3:48
Then we'll sing you off to sleep as you digest
23.9%
1:03 -
1:26
I am guiltless she ran I pursued
22.5%
6:20 -
6:34
Yes even I have got it pretty bad
22.5%
4:28 -
4:44
You can wear the crown
19.7%
5:24 -
5:39
Oh no
16.9%
1:58 -
2:13
Heard a rubber band
12.7%
6:36 -
6:55
I got a powerful urge to help you out
9.9%
Quiz Playlist
Details
Report
Send in Message
Add To Playlist
Classic:
Type in answers that appear in a list
Last Updated: Feb 16, 2017
Quiz Scoreboard
CHALLENGE
Sign Up to Join the Scoreboard
Show All
Scores
Hide
Comments
May contain spoilers
Recently Published
5x2 Blitz: Bands
by SL_Kpop136
Music
30s
Colored Red Africa Blitz
by spor1
Geography
30s
Find the 'City' Movie
by crazypaving
Movies
60s
More to Explore
Quiz From the Vault
Featured Blog Post
14 Easter Pick-up Lines to Find Eggs With
hide this ad
You Might Also Like...
Tags
Disney Quiz
Song Quiz
Disney Songs
Next
Today's Top Quizzes in Movies
Browse Movies
hide this ad
Today's Top Quizzes in Song
Browse Song
Top Contributed Quizzes in Movies
1
Pick 5 Posters: Directed by Spielberg
2
7-to-1: Pixar Characters
3
Hidden Star Wars Character II
4
Hidden Star Wars Character III
5
Hidden Star Wars Character IV
6
Pick 5 Posters: Lowest-Rated Spielberg
7
Sorting Actresses
8
Sorting Actors
9
Hidden Star Wars Character V
10
Hidden Star Wars Character VI
Explore More
Trending Topics
Harry Potter
Disney
NBA
Anime
Crossword
Marvel
Kpop
Pokémon
Puzzle
Soccer
NFL
The Office
Country
WWE
Song
hide this ad
More By:
Icekitty2
Quiz
Plays
Rating
Category
Featured
Created
Disney Songs - What's the next lyric?
71
4.20
Movies
Jul 31, 2012
Go to Creator's Profile
Score Distribution
Quiz Creator Spotlight
Icekitty2
Follow
Send a Message
Quizzes Created
-
Created Quiz Play Count
-
More By This Creator
Popular Quizzes Today
1
Find the 'City' Movie
2
5x2 Blitz: Bands
3
Find the US States - No Outlines Minefield
4
The Countries of the World
5
Find the US States
6
Colored Red Africa Blitz
7
9x9 Crossword: Cartoon Network
8
Risky Map Clicking: Biggest States A-Z
More Movies Quizzes
Chris Evans Movies
Quiz Lab
Trending Quizzes
Colored Red Africa Blitz II
Colored Red Europe Blitz I
Find the 'Dark' Movie
Find the 'Day' Movie
Find the 'Good' Movie
Recently Updated
Champions League XIs: Real Madrid
pecheneg
Largest US Cities 1790-2010
pecheneg
Rides in Walt Disney World
pecheneg
Most Oscar Losses (Acting)
pecheneg
Beyoncé Albums
pecheneg
Leaping Animals
pecheneg
Reality TV Shows (A-Z)
bhenderson79
Rickey Henderson's Hall of Fame Teammates
pecheneg
Champions League XIs: Arsenal
pecheneg
Quick Pick: Celebrities in WWE's Hall of Fame
aduchscher
Trending Topics
Kpop
Anime
Harry Potter
Crossword
Disney
NBA
Marvel
NFL
Soccer
Pokémon
Country
Puzzle
The Office
Song
WWE
Your Account Isn't Verified!
In order to create a playlist on Sporcle, you need to verify the email address you used during registration. Go to your
Sporcle Settings
to finish the process.
Report this User
Report this user for behavior that violates our
Community Guidelines
.
Details:
Send Report
Go to the Sporcle.com Mobile Site →
Comments